000 00281nam a22000857a 4500
008 211216b ||||| |||| 00| 0 eng d
100 _aKaufmann Auction Galleries
245 _aThe Collection of General Jack Soloman
_bConfederate States of America
650 _aConfederate States of America
999 _c3235
_d3235